| 000 | 00431nam a2200169Ia 4500 | ||
|---|---|---|---|
| 005 | 20240921143637.0 | ||
| 008 | 240921s9999||||xx |||||||||||||| ||und|| | ||
| 041 | _aENGLISH | ||
| 082 | _A624 N5 | ||
| 100 | _aShanmugam G and Palanichamy M.S | ||
| 245 | 0 | _aBasic Civil and Mechanical Engineering | |
| 250 | _aIst | ||
| 260 |
_c1995 _bTata McGraw-Hill,New Delhi |
||
| 650 |
_aCIVIL _bMechanical |
||
| 942 | _cBB | ||
| 999 |
_c248091 _d248091 |
||